| 000 | 00992nam a22001937a 4500 | ||
|---|---|---|---|
| 999 |
_c176848 _d176848 |
||
| 005 | 20210128132247.0 | ||
| 010 | _aB-736667 | ||
| 020 |
_a9789384579975 _c300.00 |
||
| 035 | _aB-736667 | ||
| 037 | _bडी.बी.ए.डी./ उपहार | ||
| 082 | _a954.0841 | ||
| 245 |
_aशोषण और अन्याय क्रा प्रतिकार(दांडी मार्च) / _cरामशरण गौड़ द्वारा संपादित |
||
| 260 |
_aदिल्ली _bअनिल प्रकाशन _c2021 |
||
| 270 |
_a2619-20,न्यू मार्किट,नई सड़क _bदिल्ली _e110 006 |
||
| 300 |
_a152पृ. _c22सेमी (सजिल्द) _bसचित्र |
||
| 700 |
_915970 _aगौड़,रामशरण |
||
| 942 |
_2ddc _cHN _h954.0841 _mशोषण |
||